Представление документа в формате MARC21

Поле Инд. ПП Название Значение
Тип записи a
Библиографический уровень m
001 Контрольный номер RU/LIBMSTU/347019936
005 Дата корректировки 20170207141611.5
008 Кодируемые данные 101230|||||||||ru |||||||||||000|||rus||
020 a ISBN 978-5-904406-09-7
020 a ISBN 978-5-904406-10-3
c Цена, тираж 590-00
040 b Код языка каталог. rus
041 0_ a Код языка текста rus
084 a Индекс другой классификации/Индекс ББК 36-9я7+30.609я7+65.428я7+67.401.143.1я7
090 a Полочн. индекс 36
x Авторский знак Т 50
245 10 a Заглавие Товароведение и экспертиза в таможенном деле
b Продолж. заглавия учеб. для вузов. В 4 т.
n Номер части/ раздела Т. 1. Теоретические основы. Непродовольственные товары
260 a Место издания Санкт-Петербург
b Издательство Троиц. мост
c Дата издания 2010
300 a Объем 480 с.
b Иллюстрации/ тип воспроизводства ил.
504 a Библиография Библиогр.: с. 479-480
650 04 a Основная рубрика Непродовольственные товары-Товароведение-Учебные издания для высших учебных заведений
650 14 a Основная рубрика Таможенная экспертиза-Учебные издания для высших учебных заведений
653 0_ a Ключевые слова Качество товаров
a Ключевые слова Классификация товаров
a Ключевые слова Кодирование товаров
a Ключевые слова Кожевенно-обувные товары
a Ключевые слова Маркировка товаров
a Ключевые слова Непродовольственные товары
a Ключевые слова Нефтепродукты
a Ключевые слова Нефть
a Ключевые слова Нормативно-правовое регулирование
a Ключевые слова Пластмассовые изделия
a Ключевые слова Пушно-меховые товары
a Ключевые слова Таможенная экспертиза товаров
a Ключевые слова Таможенное дело
a Ключевые слова Текстильные товары
a Ключевые слова Товароведение
700 12 a Другие авторы Гамидуллаев С. Н.
700 1_ a Другие авторы Петрова И. Н.
700 1_ a Другие авторы Багрикова С. В.
700 1_ a Другие авторы Захаренко Т. А.
901 t Тип документа m
952 b Гриф литературы для ВШ Допущено УМО вузов РФ по образованию в области таможенного дела
c Вид литературы учебник